00851nam a2200217Ia 4500003000400000005001700004008004100021020002800062040001300090082001600103100002400119245013200143260003300275300000900308650002600317650003300343942000900376952011900385952011400504999001500618IIN20251211135634.0231217s9999 xx 000 0 und d cRs.75.00a9789354516948 aIINbEng a610.73bLOU1 aLourduswamy, Leena  2aA General Book for Nursing : ba short term course on communication skills for nursing faculty and students cLeena Lourduswamy bNirali PrakashanaPunec2023 a56p.1 aCommunicative English1 aCommunication skillvnursing cBOOK 00102ddc40708Gift BookaIINbIINd2023-12-17g75.00l0o610.73 LOUpD20r2023-12-17 21:32:41w2023-12-17yBOOK 00102ddc40708PURCHaIINbIINcGENd2025-03-11l0o610.73 LOUp1919r2025-04-28 15:47:05w2025-04-28yBOOK c1646d1646